Устройства компенсации реактивной мощности при электроснабжении нелинейных и резкопеременных нагрузок; Электронные приборы, системы и технологии

Podrobná bibliografie
Parent link:Электронные приборы, системы и технологии.— 2012.— C. 56-58
Hlavní autor: Пальчиков А. С.
Další autoři: Петушков М. Ю. (научный руководитель)
Jazyk:ruština
Vydáno: 2012
Edice:Силовая электроника. Приборостроение
Témata:
Médium: MixedMaterials Kapitola
KOHA link:https://koha.lib.tpu.ru/cgi-bin/koha/opac-detail.pl?biblionumber=252971

MARC

LEADER 00000naa2a2200000 4500
001 252971
005 20231031214126.0
035 |a (RuTPU)RU\TPU\book\275338 
035 |a RU\TPU\book\275336 
090 |a 252971 
100 |a 20140306d2012 k y0rusy50 ca 
101 0 |a rus 
102 |a RU 
200 1 |a Устройства компенсации реактивной мощности при электроснабжении нелинейных и резкопеременных нагрузок  |f А. С. Пальчиков  |g науч. рук. М. Ю. Петушков 
225 1 |a Силовая электроника. Приборостроение 
320 |a Библиогр.: с. 58 (3 назв.) 
463 1 |0 (RuTPU)RU\TPU\book\269457  |t Электронные приборы, системы и технологии  |o сборник научных трудов II Всероссийской научно-практической конференции студентов, аспирантов и молодых ученых, Томск, 22-27 октября 2012 г.  |f Национальный исследовательский Томский политехнический университет (ТПУ)  |v C. 56-58  |d 2012  |p 151 с. 
610 1 |a компенсация 
610 1 |a реактивная мощность 
610 1 |a электроснабжение 
610 1 |a нелинейные нагрузки 
610 1 |a резкопеременные нагрузки 
610 1 |a устройства 
700 1 |a Пальчиков  |b А. С. 
702 1 |a Петушков  |b М. Ю.  |4 727 
801 1 |a RU  |b 63413507  |c 20140227 
801 2 |a RU  |b 63413507  |c 20140306  |g RCR 
942 |c BK